Hàm ý và hàm ý hội thoại (Quan niệm, phương thức, hướng phân loại) /

में बचाया:
ग्रंथसूची विवरण
मुख्य लेखक: Nguyễn Thị Tố Ninh.
अन्य लेखक: Phạm Văn Tình.
स्वरूप: लेख
भाषा:Vietnamese
टैग : टैग जोड़ें
कोई टैग नहीं, इस रिकॉर्ड को टैग करने वाले पहले व्यक्ति बनें!
Thư viện lưu trữ: Thư viện Trường Đại học Đà Lạt
LEADER 00801nam a2200241 4500
001 DLU120141503
005 ##20120926
040 # # |a DLU  |b vie 
041 # # |a vie 
044 # # |a vn 
100 # # |a Nguyễn Thị Tố Ninh. 
245 # # |a Hàm ý và hàm ý hội thoại (Quan niệm, phương thức, hướng phân loại) /  |c Nguyễn Thị Tố Ninh, Phạm Văn Tình. 
700 # # |a Phạm Văn Tình. 
773 # # |t Những vấn đề ngôn ngữ học: Kỷ yếu hội nghị khoa học 2003  |g 2005, tr. 464-476 
920 # # |a Phòng Tạp chí -- Trung tâm Thông tin - Thư viện Trường Đại học Đà Lạt 
994 # # |a DLU 
900 # # |a True 
911 # # |a Nguyễn Thị Tưởng 
925 # # |a G 
926 # # |a A 
927 # # |a BB 
980 # # |a Thư viện Trường Đại học Đà Lạt